书目信息 |
| 题名: |
东北华北关中地区杨树栽培新技术
|
|
| 作者: | 陈章水 编著 | |
| 分册: | ||
| 出版信息: | 北京 金盾出版社 2014 |
|
| 页数: | 256页 | |
| 开本: | 21cm | |
| 丛书名: | 农业科技创新实用技术丛书 | |
| 单 册: | ||
| 中图分类: | S792.11 | |
| 科图分类: | ||
| 主题词: | 杨树--栽培技术 , 杨树 | |
| 电子资源: | ||
| ISBN: | 978-7-5082-9003-4 | |
| 000 | 00986nam0 2200241 450 | |
| 001 | 2348892763 | |
| 005 | 20231219133521.41 | |
| 010 | @a978-7-5082-9003-4@dCNY 17.00 | |
| 100 | @a20140627d2014 em y0chiy0120 ea | |
| 101 | 0 | @achi |
| 102 | @aCN@b110000 | |
| 105 | @ay z 000yy | |
| 200 | 1 | @a东北华北关中地区杨树栽培新技术@Adong bei hua bei guan zhong di qu yang shu zai pei xin ji shu@b专著@f陈章水编著 |
| 210 | @a北京@c金盾出版社@d2014 | |
| 215 | @a256页@d21cm | |
| 225 | 1 | @a农业科技创新实用技术丛书 |
| 330 | @a本书阐述了气候、土壤、地理特征等自然条件,杨树林发展的历史作用,近百种杨树品种起源、特性、生长规律、栽培应用过程中的经验教训。在平原地区建立生态型杨树林栽培体系,并为此推荐能优化生态环境的杨树品种,阐述生态型杨树育苗技术、立地选择及栽培与经营管理系统性的理论依据和技术措施。 | |
| 606 | 0 | @a杨树@x栽培技术 |
| 606 | 0 | @a杨树 |
| 690 | @aS792.11@v5 | |
| 701 | 0 | @a陈章水@Achen zhang shui@f(1931 )@4编著 |
| 801 | 2 | @aCN@b辽宁北配@c20231205 |
| 905 | @aBZT@dS792.11@e5 | |
| 东北华北关中地区杨树栽培新技术/陈章水编著.-北京:金盾出版社,2014 |
| 256页;21cm.-(农业科技创新实用技术丛书) |
| ISBN 978-7-5082-9003-4:CNY 17.00 |
| 本书阐述了气候、土壤、地理特征等自然条件,杨树林发展的历史作用,近百种杨树品种起源、特性、生长规律、栽培应用过程中的经验教训。在平原地区建立生态型杨树林栽培体系,并为此推荐能优化生态环境的杨树品种,阐述生态型杨树育苗技术、立地选择及栽培与经营管理系统性的理论依据和技术措施。 |
| ● |
| 相关链接 |
|
|
|
正题名:东北华北关中地区杨树栽培新技术
索取号:S792.11/5
 
预约/预借
| 序号 | 登录号 | 条形码 | 馆藏地/架位号 | 状态 | 备注 |
| 1 | 2001657912 | 2001657912 | 516书库/ [索取号:S792.11/5] | 在馆 | |
| 2 | 2001657913 | 2001657913 | 516书库/ [索取号:S792.11/5] | 在馆 | |
| 3 | 2001657914 | 2001657914 | 516书库/ [索取号:S792.11/5] | 在馆 | |
| 4 | 2001657915 | 2001657915 | 516书库/ [索取号:S792.11/5] | 在馆 | |
| 5 | 2001657916 | 2001657916 | 516书库/ [索取号:S792.11/5] | 在馆 | |
| 6 | 2001657917 | 2001657917 | 516书库/ [索取号:S792.11/5] | 在馆 | |
| 7 | 2001657918 | 2001657918 | 516书库/ [索取号:S792.11/5] | 在馆 | |
| 8 | 2001657919 | 2001657919 | 516书库/ [索取号:S792.11/5] | 在馆 | |
| 9 | 2001657920 | 2001657920 | 516书库/ [索取号:S792.11/5] | 在馆 | |
| 10 | 2001657921 | 2001657921 | 516书库/ [索取号:S792.11/5] | 在馆 | |
| 11 | 2001657922 | 2001657922 | 516书库/ [索取号:S792.11/5] | 在馆 | |
| 12 | 2001657923 | 2001657923 | 516书库/ [索取号:S792.11/5] | 在馆 | |
| 13 | 2001657924 | 2001657924 | 516书库/ [索取号:S792.11/5] | 在馆 | |
| 14 | 2001657925 | 2001657925 | 516书库/ [索取号:S792.11/5] | 在馆 | |
| 15 | 2001657926 | 2001657926 | 516书库/ [索取号:S792.11/5] | 在馆 | |
| 16 | 2001657927 | 2001657927 | 516书库/ [索取号:S792.11/5] | 在馆 | |
| 17 | 2001657928 | 2001657928 | 516书库/ [索取号:S792.11/5] | 在馆 | |
| 18 | 2001657929 | 2001657929 | 516书库/ [索取号:S792.11/5] | 在馆 | |
| 19 | 2001657930 | 2001657930 | 516书库/ [索取号:S792.11/5] | 在馆 | |
| 20 | 2001657931 | 2001657931 | 516书库/ [索取号:S792.11/5] | 在馆 | |
| 21 | 2001657932 | 2001657932 | 516书库/ [索取号:S792.11/5] | 在馆 | |
| 22 | 2001657933 | 2001657933 | 516书库/ [索取号:S792.11/5] | 在馆 | |
| 23 | 2001657934 | 2001657934 | 516书库/ [索取号:S792.11/5] | 在馆 | |
| 24 | 2001657935 | 2001657935 | 516书库/ [索取号:S792.11/5] | 在馆 | |
| 25 | 2001657936 | 2001657936 | 516书库/ [索取号:S792.11/5] | 在馆 | |
| 26 | 2001657937 | 2001657937 | 516书库/ [索取号:S792.11/5] | 在馆 | |
| 27 | 2001657938 | 2001657938 | 516书库/ [索取号:S792.11/5] | 在馆 | |
| 28 | 2001657939 | 2001657939 | 516书库/ [索取号:S792.11/5] | 在馆 | |
| 29 | 2001657940 | 2001657940 | 516书库/ [索取号:S792.11/5] | 在馆 | |
| 30 | 2001657941 | 2001657941 | 516书库/ [索取号:S792.11/5] | 在馆 |